Le même nom - Acteurs/Actrices - Statistiques

Statistiques générales
  • Ce quiz a été pris 135 fois
  • Le résultat moyen est 13 sur 21
Statistiques - réponses
Prénom Réponse % Correct
Sharon/Emma Stone
91%
Samuel L./Glenda Jackson
90%
Cillian/Eddie Murphy
87%
Gary/Bradley Cooper
83%
Cary/Hugh Grant
79%
Grace/Gene Kelly
79%
Kirk/Michael Douglas
73%
Jean-Pierre/Vincent Cassel
72%
James/Kristen Stewart
72%
Katharine/Audrey Hepburn
71%
Bruce/Christopher Lee
65%
Richard/Halle Berry
64%
Dustin/Philip Seymour Hoffman
63%
Henry/Jane Fonda
57%
Lionel/Drew Barrymore
56%
Charlie/Geraldine Chaplin
42%
Bette/Geena Davis
41%
Diane/Michael Keaton
40%
Carrie/Isla Fisher
39%
Vivien/Janet Leigh
34%
Robert/Shelley Duvall
22%
Aucun quiz correspondant
Distribution des résultats
% des personnes avec chaque résultat
Percentile par nombre de réponses
Votre historique - résultats
Vous n’avez pas pris ce quiz